000 00497nam a2200157 4500
001 125945
003 ES-MaACL
005 20230906192727.0
007 t|
008 070214s1957 sp r ||||1| spa d
245 0 0 _aReactivos químicos
_b: normas de pureza 1955 de la American Chemical Society /
_ctraducción de Casimiro Busquets.
260 _aBarcelona :
_bProbus,
_c1957.
300 _aXV, 441 p. ;
_c24 cm.
700 1 _aBusquets, Casimiro.
_932836
852 _aES-MaACL
_jC-12925
_bR.41192
999 _c125945
_d125945